| Registos Bibliográficos associados ao registo de autoridade |
|
Etiqueta de registo: 00000nam 2200025 450 001 1820221 003 http://id.bnportugal.gov.pt/bib/catbnp/1820221 010 ## $a978-989-97411-0-2 021 ## $aPT$b329876/11 100 ## $a20121004d2011 c y0pory01030103ba 101 0# $apor 102 ## $aPT 105 ## $aa z 000fy 106 ## $ar 200 1# $a O cágado Gaspar$fLuís de Matos$gil. Sandra de Matos$grev. Leandro Vale 205 ## $a1ª ed 210 #9 $a[S.l.]$cPoejo,$d2011$e[Santa Maria da Feira] :$gRainho & Neves) 215 ## $a36 p.$cmuito il.$d23 cm 675 ## $a087.5$vBN$zpor$3287999 675 ## $a821.134.3-93"20"$vBN$zpor$31046482 675 ## $a821.134.3-34"20"$vBN$zpor$31018838 700 #1 $92$aMatos,$bLuís de$3533233 702 #1 $aMatos,$bSandra de$4440$31507801 702 #1 $92$aVale,$bLeandro$4675$31507804 801 #0 $aPT$bBN$gRPC 856 41 $uhttp://rnod.bnportugal.gov.pt/ImagesBN/winlibimg.aspx?skey=&doc=1820221&img=12490&save=true 900 ## $aBIBNAC$d20121018 966 ## $lBN$mFGMON$sP. 35338 V.$x1 966 ## $lBN$mFGMON$sP. 35338 V.-D$x1
Etiqueta de registo: 00254nam 2200025 450 001 2285210 003 http://id.bnportugal.gov.pt/bib/catbnp/2285210 021 ## $aPT$b546186/25 100 ## $a20260424d2025 m y0pory01030103ba 101 0# $apor 102 ## $aPT 105 ## $aa z 000yy 106 ## $ar 200 1# $aPor caminhos da memória$fLuís de Matos$gpref. Rui Arimateia$gdes. Costa Araújo, João de Matos, Sandra de Matos$gfot. Feliz Grilo... [et al.] 205 ## $a1ª ed 210 #9 $a[S.l.]$cLuís de Matos,$d2025 215 ## $a334, [1] p.$cil.$d24 cm 700 #1 $aMatos,$bLuís de,$f1944-$31461386 702 #1 $aArimateia,$bRui,$f1958-$4080$3287334 702 #1 $aAraújo,$bCosta$4440$353722 702 #1 $95$aMatos,$bJoão de$4440$31996861 702 #1 $aMatos,$bSandra de$4440$31507801 702 #1 $aGrilo,$bFeliz$4600$31996862 801 #0 $aPT$bBN$gRPC 966 ## $lBN$mFGMON$x1 966 ## $lBN$mFGMON$x1 971 ## $cssilva$d20260424
|
|
|